Urbanita vedecko-technické informácie z oblasti urbanizmu a územného plánovania

Bibliographic Details
Other Authors: Jakušová, Martina (Publishing director), Groskopová, Dušana (Publishing director), Hašová, Petra (Publishing director)
Format: Journal
Language:Slovak
PhysicalDescription:32 zv. 30 cm
Published: Bratislava Veda 1973-2019
Bratislava URBION-Inštitút urbanizmu a územného plánovania
Bratislava Ministerstvo dopravy, výstavby a regionálneho rozvoja Slovenskej republiky
Bratislava Ministerstvo dopravy a výstavby Slovenskej republiky
ISSN:0139-5912
Subjects:

MARC

LEADER 00000cas a2200000 a 4500
001 vtls008883510
003 SK-MaSNL
005 20260228162155.0
008 141119d19732019xo qr|p 0 0 b0slo
022 |a 0139-5912 
035 |a (SVKBB03)vtls000132939 
040 |a SVKBB  |b slo  |c SVKBB  |d SAVUK  |d SNK  |e AACR2 
041 0 |a slo 
044 |a xo  |c SK 
072 7 |a 71  |x Územné plánovanie. Urbanizmus. Pamiatková starostlivosť  |2 konspekt 
072 7 |a 332  |x Regionálna ekonómia, regionálna ekonomika  |2 konspekt 
072 7 |a 712  |x Plánovanie krajiny. Parky. Záhrady  |2 konspekt 
080 |a 71  |2 2011 
080 |a 711.4/.8  |2 2011 
080 |a 712.2  |2 2011 
080 |a 711  |2 2011 
080 |a 050  |2 2011 
080 |a (051)-027.561  |2 2011 
080 |a 711.4  |2 2011 
080 |a 711.3  |2 2011 
210 0 |a Urbanita  |b (Bratisl.) 
222 0 |a Urbanita  |b (Bratislava) 
245 0 0 |a Urbanita  |b vedecko-technické informácie z oblasti urbanizmu a územného plánovania 
246 1 0 |a Journal for urbanism, spatial planning, territorial development and landscape planning 
246 1 0 |a Revue for urbanism and landscape planning 
260 |a Bratislava  |b Veda  |c 1973-2019 
260 2 |3 2009-2013  |a Bratislava  |b URBION-Inštitút urbanizmu a územného plánovania 
260 2 |3 2014-2016  |a Bratislava  |b Ministerstvo dopravy, výstavby a regionálneho rozvoja Slovenskej republiky 
260 3 |3 2017-2019  |a Bratislava  |b Ministerstvo dopravy a výstavby Slovenskej republiky 
300 |a 32 zv.  |c 30 cm 
310 |a 1x ročne  |b 2017-2019 
321 |a 4x ročne  |b 1973-2/2016 
321 |a 2x ročne  |b 3/2016-4/2016 
362 0 |a 1973-1993 ; roč. 21 (2009)-roč. 31, č.[1] (2019) 
500 |a Podnázov od r. 2009: časopis o urbanizme a územnom plánovaní, územnom rozvoji a rozvoji miest a o tvorbe krajiny 
500 |a Podnázov v tiráži od r. 2010, č. 2: časopis o urbanizme a územnom plánovaní 
500 |a Šéfred.: 2009-[2013], Martina Jakušová ; 2014-2015, Dušana Groskopová ; 2016-2019, Petra Hašová 
500 |a Evidenčné č.: EV 3776/09 
515 |a Niektoré čísla vychádzajú ako dvojčíslo 
515 |a V r. 2018 v tiráži chybne uvedený r. 2017 
650 0 7 |a urbanizmus  |2 SNKPH  |9 2925 
650 0 7 |a územné plánovanie  |2 SNKPH  |9 2641 
650 0 7 |a rozvoj miest  |2 SNKPH  |9 2928 
650 0 7 |a tvorba krajiny  |2 SNKPH  |9 2939 
655 7 |a odborné časopisy  |2 SNKPH  |9 70505 
700 1 |a Jakušová, Martina  |4 pbd  |9 270504 
700 1 |a Groskopová, Dušana  |4 pbd  |9 270505 
700 1 |a Hašová, Petra  |4 pbd  |9 270506 
710 2 |a Slovensko.  |b Ministerstvo dopravy, výstavby a regionálneho rozvoja  |4 pbl  |9 178781 
710 2 |a Slovensko.  |b Ministerstvo dopravy a výstavby  |4 pbl  |9 168634 
852 |a Štátna vedecká knižnica v Banskej Bystrici 
910 |a snk 
910 |a savuk 
916 |a 1973-1993, 2009-2013, 2014-2018, 2019 
999 |c 7006  |d 8936 
952 |0 0  |1 0  |4 0  |7 0  |8 0  |a SNK  |b SNK  |d 2014-02-04  |f 1  |i snk2014/3388  |l 0  |o snkČSB 2519/21/2009  |p 17A1087407  |r 2026-02-21 19:43:55  |t č. 1  |w 2026-02-21  |y PREZ 
952 |0 0  |1 0  |4 0  |7 0  |8 0  |a SNK  |b SNK  |d 2014-02-04  |i snk2014/3389  |l 0  |o snkČSB 2519/21/2009 D1  |p 17A1087408  |r 2026-02-21 19:43:55  |t č. 1  |w 2026-02-21  |y PREZ 
952 |0 0  |1 0  |4 0  |7 0  |8 0  |a SNK  |b SNK  |d 2014-02-04  |f 1  |i snk2014/3390  |l 0  |o snkČSB 2519/22/2010  |p 17A1087409  |r 2026-02-21 19:43:56  |t č. 1-4  |w 2026-02-21  |y PREZ 
952 |0 0  |1 0  |4 0  |7 0  |8 0  |a SNK  |b SNK  |d 2014-02-04  |i snk2014/3401  |l 0  |o snkČSB 2519/22/2010 D1  |p 17A1087410  |r 2026-02-21 19:43:56  |t č. 1-4  |w 2026-02-21  |y PREZ 
952 |0 0  |1 0  |4 0  |7 0  |8 0  |a SNK  |b SNK  |d 2014-02-04  |f 1  |i snk2014/3402  |l 0  |o snkČSB 2519/23/2011  |p 17A1087411  |r 2026-02-21 19:43:56  |t č. 1-4  |w 2026-02-21  |y PREZ 
952 |0 0  |1 0  |4 0  |7 0  |8 0  |a SNK  |b SNK  |d 2014-02-04  |f 1  |i snk2014/3407  |l 0  |o snkČSB 2519/25/2013  |p 17A1087415  |r 2026-02-21 19:43:56  |t č. 1-2  |w 2026-02-21  |y PREZ 
952 |0 0  |1 0  |4 0  |7 0  |8 0  |a SNK  |b SNK  |d 2014-02-04  |i snk2014/3411  |l 0  |o snkČSB 2519/25/2013 D1  |p 17A1087416  |r 2026-02-21 19:43:57  |t č. 1-2  |w 2026-02-21  |y PREZ 
952 |0 0  |1 0  |4 0  |7 0  |8 0  |a SNK  |b SNK  |d 2021-07-29  |f 1  |i snk2021/9468  |l 0  |o snkČSB 2519/31/2019  |p 17A1434898  |r 2026-02-21 19:58:35  |t č. [1]  |w 2026-02-21  |y PREZ  |z Čślo 1 nie je uvedené, je doplnené  
952 |0 0  |1 0  |4 0  |7 0  |8 0  |a SNK  |b SNK  |d 2021-07-29  |i snk2021/9469  |l 0  |o snkČSB 2519/31/2019 D1  |p 17A1434897  |r 2026-02-21 19:58:35  |t č. [1]  |w 2026-02-21  |y PREZ  |z Číslo 1 nie je uvedené, je doplnené 
952 |0 0  |1 0  |4 0  |7 0  |8 3  |a SNK  |b SNK  |d 2014-02-12  |f 1  |i snkK 696/76  |l 0  |o snkČSB 2519/1/1973  |p 17A0793192  |r 2026-02-21 20:13:38  |t č. 1-4  |w 2026-02-21  |y PREZ 
952 |0 0  |1 0  |4 0  |7 0  |8 3  |a SNK  |b SNK  |d 2014-02-13  |f 1  |i snkK 1475/77  |l 0  |o snkČSB 2519/1976  |p 17A0793200  |r 2026-02-21 20:18:45  |t č. 3  |w 2026-02-21  |y PREZ 
952 |0 0  |1 0  |4 0  |7 0  |8 3  |a SNK  |b SNK  |d 2014-02-13  |f 1  |i snkK 395/77  |l 0  |o snkČSB 2519/1976  |p 17A0793224  |r 2026-02-21 20:18:46  |t č. 1-2  |w 2026-02-21  |y PREZ 
952 |0 0  |1 0  |4 0  |7 0  |a SNK  |b SNK  |d 2014-02-13  |f 1  |i snkK 1808/77  |l 0  |o snkČSB 2519/1976  |p 17A0793197  |r 2026-02-21 20:18:46  |t č. 4  |w 2026-02-21  |y PREZ 
952 |0 0  |1 0  |4 0  |7 0  |a SNK  |b SNK  |d 2014-02-13  |f 1  |i snkČSP 1756/77  |l 0  |o snkČSB 2519/1977  |p 17A0830787  |r 2026-02-21 20:18:46  |t č. 1-4  |w 2026-02-21  |y PREZ 
952 |0 0  |1 0  |4 0  |7 0  |a SNK  |b SNK  |d 2014-02-13  |f 1  |i snkČSP 633/81  |l 0  |o snkČSB 2519/(7)/1979  |p 17A0793226  |r 2026-02-21 20:18:46  |t č. 1-4  |w 2026-02-21  |y PREZ 
952 |0 0  |1 0  |4 0  |7 0  |a SNK  |b SNK  |d 2014-02-13  |f 1  |i snkČSP 1658/82  |l 0  |o snkČSB 2519/1981  |p 17A0945092  |r 2026-02-21 20:18:46  |t č. 32-33  |w 2026-02-21  |y PREZ 
952 |0 0  |1 0  |4 0  |7 0  |a SNK  |b SNK  |d 2014-02-13  |f 1  |i snkČSP 935/83  |l 0  |o snkČSB 2519/1982  |p 17A0945075  |r 2026-02-21 20:18:46  |t č. 34-38  |w 2026-02-21  |y PREZ 
952 |0 0  |1 0  |4 0  |7 0  |a SNK  |b SNK  |d 2014-02-13  |f 1  |i snkČSP 795/84  |l 0  |o snkČSB 2519/1983  |p 17A0945074  |r 2026-02-21 20:18:46  |t č. 39-42  |w 2026-02-21  |y PREZ 
952 |0 0  |1 0  |4 0  |7 0  |a SNK  |b SNK  |d 2014-02-13  |f 1  |i snkČSP 1012/85  |l 0  |o snkČSB 2519/1984  |p 17A0945046  |r 2026-02-21 20:18:46  |t č. 43-46  |w 2026-02-21  |y PREZ 
952 |0 0  |1 0  |4 0  |7 0  |a SNK  |b SNK  |d 2014-02-13  |f 1  |i snkČSP 941/86  |l 0  |o snkČSB 2519/1985  |p 17A0945047  |r 2026-02-21 20:18:46  |t č. 47-50  |w 2026-02-21  |y PREZ 
952 |0 0  |1 0  |4 0  |7 0  |a SNK  |b SNK  |d 2014-02-13  |f 1  |i snkČSP 4249/87  |l 0  |o snkČSB 2519/1986  |p 17A0945093  |r 2026-02-21 20:18:46  |t č. 51-54  |w 2026-02-21  |y PREZ 
952 |0 0  |1 0  |4 0  |7 0  |a SNK  |b SNK  |d 2014-02-13  |f 1  |i snkČSP 2879/89  |l 0  |o snkČSB 2519/1987-1988  |p 17A0945043  |r 2026-02-21 20:18:47  |t č. 55-58  |w 2026-02-21  |y PREZ 
952 |0 0  |1 0  |4 0  |7 0  |a SNK  |b SNK  |d 2014-02-18  |f 1  |i snkČSP 2883/91  |l 0  |o snkČSB 2519/1990  |p 17A0945042  |r 2026-02-21 20:26:45  |t č. 64-67  |w 2026-02-21  |y PREZ 
952 |0 0  |1 0  |4 0  |7 0  |a SNK  |b SNK  |d 2014-02-18  |f 1  |i snkČSP 3242/93  |l 0  |o snkČSB 2519/1991  |p 17A0865977  |r 2026-02-21 20:26:45  |t č. 68-70  |w 2026-02-21  |y PREZ 
952 |0 0  |1 0  |4 0  |7 0  |a SNK  |b SNK  |d 2014-02-18  |f 1  |i snkČSP 1062/2000  |l 0  |o snkČSB 2519/1992  |p 17A0865973  |r 2026-02-21 20:26:45  |t č. 71-73  |w 2026-02-21  |y PREZ 
952 |0 0  |1 0  |4 0  |7 0  |a SNK  |b SNK  |d 2014-02-18  |f 1  |i snkČSP 1060/2000  |l 0  |o snkČSB 2519/1993  |p 17A0865980  |r 2026-02-21 20:26:45  |t č. 74  |w 2026-02-21  |y PREZ 
952 |0 0  |1 0  |3 rekatalogizácia  |4 0  |7 0  |a SNK  |b SNK  |d 2007-07-26  |f 1  |i snkČSP 2089/83  |l 0  |o snkČSB 2519/1980  |p 17A0553492  |r 2026-02-21 20:27:50  |t č. 1-3, neúplné + mim. č.  |w 2026-02-21  |y PREZ  |z Chýba č. 4 
952 |0 0  |1 0  |4 0  |7 0  |8 0  |a SNK  |b SNK  |d 2014-02-04  |i snk2014/3403  |l 0  |o snkČSB 2519/23/2011 D1  |p 17A1087412  |r 2026-02-21 20:31:54  |t č. 1-4  |w 2026-02-21  |y PREZ 
952 |0 0  |1 0  |4 0  |7 0  |8 0  |a SNK  |b SNK  |d 2014-02-04  |f 1  |i snk2014/3404  |l 0  |o snkČSB 2519/24/2012  |p 17A1087413  |r 2026-02-21 20:31:54  |t č. 1-3  |w 2026-02-21  |y PREZ 
952 |0 0  |1 0  |4 0  |7 0  |8 0  |a SNK  |b SNK  |d 2014-02-04  |i snk2014/3405  |l 0  |o snkČSB 2519/24/2012 D1  |p 17A1087414  |r 2026-02-21 20:31:54  |t č. 1-3  |w 2026-02-21  |y PREZ 
952 |0 0  |1 0  |4 0  |7 0  |a SNK  |b SNK  |d 2014-02-13  |f 1  |i snkČSP 2879/91  |l 0  |o snkČSB 2519/1988  |p 17A0945076  |r 2026-02-21 20:32:21  |t č. 59  |w 2026-02-21  |y PREZ 
952 |0 0  |1 0  |4 0  |7 0  |a SNK  |b SNK  |d 2014-02-13  |f 1  |i snkČSP 2881/91  |l 0  |o snkČSB 2519/1989  |p 17A0945044  |r 2026-02-21 20:32:21  |t č. 60-63  |w 2026-02-21  |y PREZ 
952 |0 0  |1 0  |4 0  |7 0  |a SNK  |b SNK  |d 1998-07-10  |f 1  |i snkČSP 1754/75  |l 0  |o snkČSB 2519/3/1975  |p 17A0149518  |r 2005-01-02 00:00:00  |t č. 1-4  |w 2026-02-21  |y PREZ 
952 |0 0  |1 0  |4 0  |7 0  |8 3  |a SNK  |b SNK  |d 1998-10-06  |i snkK 697/76  |l 0  |o snkČSB 2519/2/1974/príl. D1  |p 17A0163280  |r 2005-01-02 00:00:00  |t len č. 1, 2  |w 2026-02-21  |y PREZ  |z len č. 1, 2 
952 |0 0  |1 0  |4 0  |7 0  |8 3  |a SNK  |b SNK  |d 1998-10-05  |f 1  |i snkK 2015/75  |l 0  |o snkČSB 2519/2/1974  |p 17A0163860  |r 2005-01-02 00:00:00  |t č. 1-3  |w 2026-02-21  |y PREZ 
952 |0 0  |1 0  |4 0  |7 0  |8 3  |a SNK  |b SNK  |d 1998-10-06  |i snkK 697/76  |l 0  |o snkČSB 2519/2/1974 D1  |p 17A0162673  |r 2005-01-02 00:00:00  |t č. 1-2, neúplné  |w 2026-02-21  |y PREZ  |z len č. 1,2 
952 |0 0  |1 0  |4 0  |7 0  |a SNK  |b SNK  |d 1998-10-05  |f 1  |i snkČSP 1258/78  |l 0  |o snkČSB 2519/(6)/1978  |p 17A0163524  |r 2005-01-02 00:00:00  |t č. 1-4  |w 2026-02-21  |y PREZ 
952 |0 0  |1 0  |4 0  |7 0  |a SNK  |b SNK  |d 2014-09-19  |i snk182/77  |l 0  |o snkČSB 2519/4/1975 D1  |p 17A1077378  |r 2026-02-21 21:44:55  |t č. 4  |w 2026-02-21  |y PREZ 
952 |0 0  |1 0  |4 0  |7 0  |a SNK  |b SNK  |d 2014-09-19  |i snkČSP 1755/75  |l 0  |o snkČSB 2519/1/1975 D1  |p 17A1077376  |r 2026-02-21 21:44:55  |t č. 1 + príl.  |w 2026-02-21  |y PREZ 
952 |0 0  |1 0  |4 0  |7 0  |8 0  |a SNK  |b SNK  |d 2019-09-05  |f 1  |i snk2019/22284  |l 0  |o snkČSB 2519/26/2014  |p 17A1382784  |r 2026-02-21 22:29:18  |t č. 1-3  |w 2026-02-21  |y PREZ 
952 |0 0  |1 0  |4 0  |7 0  |8 0  |a SNK  |b SNK  |d 2019-09-05  |f 1  |i snk2019/22289  |l 0  |o snkČSB 2519/27/2015  |p 17A1382785  |r 2026-02-21 22:29:18  |t č. 1-2  |w 2026-02-21  |y PREZ 
952 |0 0  |1 0  |4 0  |7 0  |8 0  |a SNK  |b SNK  |d 2019-09-05  |f 1  |i snk2019/22291  |l 0  |o snkČSB 2519/28/2016  |p 17A1382786  |r 2026-02-21 22:29:18  |t č. 1-4  |w 2026-02-21  |y PREZ 
952 |0 0  |1 0  |4 0  |7 0  |8 0  |a SNK  |b SNK  |d 2019-09-05  |f 1  |i snk2019/22292  |l 0  |o snkČSB 2519/29/2017  |p 17A1382787  |r 2026-02-21 22:29:18  |t č. jún  |w 2026-02-21  |y PREZ 
952 |0 0  |1 0  |4 0  |7 0  |8 0  |a SNK  |b SNK  |d 2019-09-05  |f 1  |i snk2019/22294  |l 0  |o snkČSB 2519/30/2018  |p 17A1382788  |r 2026-02-21 22:29:18  |t č. jún  |w 2026-02-21  |y PREZ 
952 |0 0  |1 0  |4 0  |7 0  |8 0  |a SNK  |b SNK  |d 2019-09-05  |i snk2019/22295  |l 0  |o snkČSB 2519/26/2014 D1  |p 17A1382789  |r 2026-02-21 22:29:18  |t č. 1-3  |w 2026-02-21  |y PREZ 
952 |0 0  |1 0  |4 0  |7 0  |8 0  |a SNK  |b SNK  |d 2019-09-05  |i snk2019/22296  |l 0  |o snkČSB 2519/27/2015 D1  |p 17A1382790  |r 2026-02-21 22:29:18  |t č. 1-2  |w 2026-02-21  |y PREZ 
952 |0 0  |1 0  |4 0  |7 0  |8 0  |a SNK  |b SNK  |d 2019-09-05  |i snk2019/22297  |l 0  |o snkČSB 2519/28/2016 D1  |p 17A1382791  |r 2026-02-21 22:29:19  |t č. 1-4  |w 2026-02-21  |y PREZ 
952 |0 0  |1 0  |4 0  |7 0  |8 0  |a SNK  |b SNK  |d 2019-09-05  |i snk2019/22300  |l 0  |o snkČSB 2519/29/2017 D1  |p 17A1382792  |r 2026-02-21 22:29:19  |t č. jún  |w 2026-02-21  |y PREZ 
952 |0 0  |1 0  |4 0  |7 0  |8 0  |a SNK  |b SNK  |d 2019-09-05  |i snk2019/22301  |l 0  |o snkČSB 2519/30/2018 D1  |p 17A1382793  |r 2026-02-21 22:29:19  |t č. jún  |w 2026-02-21  |y PREZ